| 000 | 01057nam a22001937a 4500 | ||
|---|---|---|---|
| 999 |
_c8602 _d8603 |
||
| 008 | 201023b ||||| |||| 00| 0 eng d | ||
| 020 | _a9788131248898 | ||
| 082 | _a610.73 POT | ||
| 100 | _aPotter, Patricia A. | ||
| 245 | _aPotter and Perry's Fundamentals of Nursing | ||
| 250 | _bSecond South Asia Edition | ||
| 260 |
_aIndia : _bElsevier Science _c2017. |
||
| 300 |
_axxiii, 1322 p. _c28 p. |
||
| 650 | _aFundamentals of Nursing by Potter and Perry is a widely appreciated textbook on nursing foundations/fundamentals. Its comprehensive coverage provides fundamental nursing concepts, skills and techniques of nursing practice and a firm foundation for more advanced areas of study. This Second South Asia edition of Potter and Perry's Fundamentals of Nursing not only provides the well-established, authentic content of international standards but also caters to the specific curriculum requirements of nursing students of the region. | ||
| 700 | _aStockert, Patricia A. | ||
| 700 | _aPerry, Anne Griffin | ||
| 700 | _aHall, Amy M. | ||
| 942 | _2ddc | ||